000 00662nam a22002177a 4500
003 UA-OsUOA
001 72192
007 ta
008 20101228b un ||||| |||| 00| 0 ukr d
100 _aКоваль М.
090 _a82
_bК56
942 _cSA
040 _aUA-OsUOA
_bukr
_cUA-OsUOA
_dUA-OsUOA
245 _aХудожні модифікації історичної свідомості в американській літературі зламу ХХ - ХХІ століть
300 _aС.51-59
955 _a0
041 _aukr
080 _a82
773 0 _w72190
650 7 _a82 Література. Літературознавство
_2UDC
999 _c358477
_d358477